BIBLIOTECA PODER JUDICIAL
Portal Judicial TDF

Aborto y objeción de conciencia judicial en el fuero federal / (Registro nro. 6130)

000 -LEADER
fixed length control field 00919nabaa22002057a 4500
003 - CONTROL NUMBER IDENTIFIER
control field OSt
005 - DATE AND TIME OF LATEST TRANSACTION
control field 20260122220806.0
008 - FIXED-LENGTH DATA ELEMENTS--GENERAL INFORMATION
fixed length control field 190701b xxu||||| |||| 00| 0 spa d
040 ## - CATALOGING SOURCE
Transcribing agency PJ
100 ## - MAIN ENTRY--PERSONAL NAME
9 (RLIN) 6886
Personal name Mario A. Fernández Moreno.
245 10 - TITLE STATEMENT
Title Aborto y objeción de conciencia judicial en el fuero federal /
Statement of responsibility, etc Mario A. Fernández Moreno.
300 ## - PHYSICAL DESCRIPTION
Extent p. 124-135
505 ## - FORMATTED CONTENTS NOTE
Formatted contents note Sumario: I. Un nuevo escenario.— II. Concepto.— III. Análisis normativo.— IV. Análisis jurisprudencial.— V. Objetores en el ámbito judicial.— VI. Conclusión.
505 ## - FORMATTED CONTENTS NOTE
Title ¿Te interesa el texto completo? Comunicate al correo: koha@justierradelfuego.gov.ar
650 #0 - SUBJECT ADDED ENTRY--TOPICAL TERM
9 (RLIN) 211
Topical term or geographic name as entry element DERECHO ADMINISTRATIVO
650 #0 - SUBJECT ADDED ENTRY--TOPICAL TERM
9 (RLIN) 2936
Topical term or geographic name as entry element ABORTO
650 #0 - SUBJECT ADDED ENTRY--TOPICAL TERM
9 (RLIN) 208
Topical term or geographic name as entry element OBJECION DE CONCIENCIA
773 0# - HOST ITEM ENTRY
Host Biblionumber 2842
Host Itemnumber 3251
Place, publisher, and date of publication Buenos Aires : AbeledoPerrot, 2012-
Other item identifier DA121
Title Derecho administrativo. Nº 148 julio/agosto 2023
International Standard Book Number 18510590
942 ## - ADDED ENTRY ELEMENTS (KOHA)
Source of classification or shelving scheme
Koha item type Analítica Artículo de Revista

No hay ítems disponibles.

12 de Octubre 789 Ushuaia - Tel:  54(02901)441571
Horario de Atención: 8.00 a 17.00 hs. 
bibliotecaush@justierradelfuego.gov.ar
koha@justierradelfuego.gov.ar
Seguinos en nuestras redes @bibliojustdf 

Con tecnología Koha